[Event "Charity Cup MCCT Prel 2022"]
[Site "Online"]
[Date "2022.03.15"]
[Round "12.3"]
[White "Hansen, Eric"]
[Black "Ju, Wenjun"]
[Result "0-1"]
[WhiteElo "2606"]
[BlackElo "2560"]
[Annotator "TA"]
[PlyCount "148"]
[EventDate "2022.03.18"]
[EventType "tourn"]
[EventCountry "NET"]
[SourceTitle "playchess.com"]
[Source "ChessBase"]
[SourceQuality "1"]

{[%evp 11,148,15,20,0,3,-5,10,10,20,16,14,10,15,13,12,6,10,0,0,0,3,0,2,0,16,0,0,0,0,-44,-42,-52,-49,-31,-40,-60,-68,-58,-45,-76,-75,-72,-27,-29,-8,-55,-55,-55,-55,-55,-55,-83,-58,-93,-93,-112,-100,-221,-221,-214,-206,-206,-206,-206,-201,-193,-84,-175,0,-77,-25,-122,-77,-76,-76,-77,-77,-80,-80,-77,-77,-77,-76,-68,-52,-322,-193,-434,-436,-352,-179,-425,-423,-390,-309,-915,-928,-1162,-1147,-1125,-897,-29967,-29968,-29967,-29968,-29971,-29971,-29973,-2,-11185,-213,-5129,-10,-220,-220,-227,-228,-4594,-59,-129,0,0,0,0,0,0,0,-29973,-8,-19,-12,-29971,-29973,-29977,-29978,-29977,-29979,-29978,-29980]} 1. e4 e5 2. Nf3 Nc6 3. Bb5 a6 4. Ba4 Nf6 5. d3 Bc5 6. Bxc6 dxc6 7. Nc3 {C77: Ruy Lopez: 3...a6 4 Ba4 Nf6, unusual lines.} Nd7 8. Be3 Bd6 9. Nd2 {The position is equal.} Nf8 10. Nc4 {[#]} Ne6 $146 ({Predecessor:} 10... Ng6 11. d4 Be6 12. Nxd6+ cxd6 13. dxe5 dxe5 14. Qxd8+ Kxd8 15. Bb6+ Ke7 16. Na4 Nf8 {½-½ (33) Tarlev,K (2586)-Eliseev,U (2606) Sochi 2016}) 11. Qd2 O-O 12. O-O b5 13. Nxd6 cxd6 14. f4 exf4 15. Bxf4 d5 16. Rae1 Bb7 17. Bg3 b4 18. Na4 c5 19. exd5 Bxd5 20. b3 (20. Rf5 $11) 20... Bc6 $15 21. Be5 Bxa4 22. bxa4 Qd5 23. Qf2 f6 24. Ba1 Rae8 25. Re4 Qxa2 26. Qf5 Nd4 (26... g6 $17 27. Qf2 Qxa4) 27. Bxd4 $11 Rxe4 28. Bxc5 (28. Qxe4 $11 {is superior.} cxd4 29. Qc6) 28... Ree8 $15 {And now ...Rf7 would win.} (28... Re5 $2 29. Qxe5 $3 {[%mdl 512]} a5 30. Qe7 $18) 29. Bxf8 Rxf8 {[%mdl 4096] Endgame KQR-KQR} 30. Qc5 Qxa4 31. d4 Rd8 32. Re1 Qb5 33. Ra1 Kf7 34. h3 (34. Qa7+ $17 Kg6 35. Qxa6 Qxa6 36. Rxa6) 34... Qxc5 $19 35. dxc5 {KR-KR} Ra8 36. Ra5 Ke6 37. Kf2 Kd5 38. Ke3 Re8+ (38... Rc8 $19 39. Rxa6 Rxc5) 39. Kd3 (39. Kd2 $17 {was forced.}) 39... Ra8 $2 (39... Rc8 $1 $19 40. c6+ Kxc6 41. Rxa6+ Kb5) 40. g4 (40. Ke3 $1 $11) 40... Ra7 (40... Rc8 $17 41. Rxa6 Rxc5) 41. Ke3 (41. c4+ $11 bxc3 42. Kxc3) 41... Kc4 ({Black should try} 41... h6 42. Kd2 Rd7 43. Rxa6 Kxc5+ 44. Ke3 Rc7) 42. c6 $17 Rc7 43. Rxa6 Kb5 {[%csl LRa6,LRc6] To avoid Rb6+} 44. Ra8 Rxc6 45. Rb8+ Kc4 46. Kd2 Rc7 {Inhibits Rb7.} 47. Rd8 Rc5 {...Rd5+ is the strong threat.} 48. Kc1 $2 {[%mdl 8192]} (48. Rh8 $1 $15) 48... h5 $19 49. gxh5 $2 (49. Kb2 {was the only defense.}) 49... Rxh5 50. Rd3 Rf5 (50... f5 $142 51. Rf3 Kd5) 51. Rg3 $2 (51. h4) 51... g5 52. Kb2 {[%cal Oh3h4]} Rf4 53. Rd3 (53. Kc1) 53... f5 54. Rg3 g4 55. hxg4 fxg4 {White must now prevent ...Kd4.} 56. Rd3 Rf3 57. Rd8 g3 58. Rg8 Kd4 59. Rg4+ Kc5 $2 (59... Ke3 60. Kb3 Kd2+ 61. Kc4 Kxc2 62. Kxb4 Kd2 63. Kc5 Ke3 64. Kd6 Kf2 65. Rc4 g2 66. Rc2+ Kg3 67. Rc1 Rf1 68. Rc8 g1=Q 69. Rg8+ Kf4 70. Rxg1 Rxg1 71. Kd5 Rd1+ 72. Kc5 Ke4 73. Kc4 Rc1+ 74. Kb5 Kd4 75. Kb6 Kd5 76. Kb5 Rb1+ 77. Ka4 Kc5 78. Ka3 Kc4 79. Ka2 Rb3 80. Ka1 Kd3 81. Ka2 Kc2 82. Ka1 Ra3#) 60. Ka2 $2 {[%mdl 8192]} (60. Kc1 $11) 60... Kb5 $2 (60... Kd5 {( -> ...Ke6)} 61. Rxb4 Ke6) 61. Kb2 $2 (61. Ka1) 61... Re3 $2 (61... Rc3 $1 $19 {Strongly threatening ...Kc5.} 62. Kb1 Kc5) 62. Ka2 $2 (62. Kc1 $11) 62... Rc3 63. Kb2 Kc5 $1 64. Rh4 $2 (64. Kb1) 64... Rf3 $2 (64... Rc4 $19 65. Rh5+ Kd4) 65. Rg4 $15 Kd5 (65... Re3 $17 {Threatens to win with ...Rc3.} 66. Kc1 Rf3) 66. Rxb4 $11 Ke5 (66... Rf1 $5 67. Rg4 Rg1 $11) 67. Rg4 Kf5 68. Rg8 $1 Kf4 69. c3 $2 {[%mdl 8192]} (69. c4 $11) 69... Rf2+ $2 (69... Ke3 {mates} 70. Kb3 Kf2 71. Kc4 g2 72. Rxg2+ Kxg2 73. Kd4 Kg3 74. Kc4 Kf4 75. Kd4 Rf1 76. Kd5 Rd1+ 77. Ke6 Ke4 78. c4 Rc1 79. c5 Rxc5 80. Kd6 Re5 81. Kc6 Rd5 82. Kb7 Rd6 83. Kb8 Kd5 84. Kb7 Kc5 85. Kc7 Rd3 86. Kb7 Rd7+ 87. Kc8 Kc6 88. Kb8 Re7 89. Ka8 Kb6 90. Kb8 Re8#) 70. Kb3 g2 71. Kb4 $2 {[%mdl 8192] [#]} (71. Kc4 $11) 71... Kf3 $1 {Black mates.} ({And not} 71... Rb2+ 72. Kc5 $17) 72. Kc5 {[#]} Rf1 $1 73. c4 g1=Q+ 74. Rxg1 Rxg1 {Weighted Error Value: White=0.72/Black=0.43} 0-1

[Event "Charity Cup MCCT Prel 2022"]
[Site "Online"]
[Date "2022.03.15"]
[Round "12.4"]
[White "Ding, Liren"]
[Black "Le, Quang Liem"]
[Result "1-0"]
[WhiteElo "2799"]
[BlackElo "2709"]
[Annotator "TA"]
[PlyCount "101"]
[EventDate "2022.03.18"]
[EventType "tourn"]
[EventCountry "NET"]
[SourceTitle "playchess.com"]
[Source "ChessBase"]
[SourceQuality "1"]

{[%evp 13,101,29,29,29,27,18,27,27,47,29,44,35,39,22,89,87,110,69,80,78,121,116,235,210,233,211,294,297,242,226,298,295,414,393,368,228,229,229,221,244,249,236,243,252,228,222,236,244,235,105,103,106,102,4,30,0,0,0,0,0,0,0,1114,0,964,897,887,880,775,775,4015,2377,5089,3556,3890,2907,3157,3567,29979,29980,29980,29981,29983,29984,29987,29988,29988,29989,29995,29996]} 1. g3 d5 2. Nf3 Nf6 3. Bg2 c6 4. c4 Bg4 5. Ne5 Be6 6. cxd5 Bxd5 7. Nf3 c5 8. O-O {A11: English Opening: 1...c6.} e6 9. Nc3 Bc6 10. Re1 {White has an edge.} Be7 11. e4 O-O 12. d4 cxd4 13. Nxd4 {[#]} ({Much worse is} 13. Qxd4 Nbd7 $11) 13... Na6 $146 (13... Qb6 $11 {keeps the balance.}) ({Predecessor:} 13... Bc5 14. Be3 Bb6 15. e5 Nd5 16. Nxc6 bxc6 17. Bd2 Nd7 18. Qg4 Kh8 19. Rad1 f5 {1-0 (45) Oparin,G (2654)-Zubov,A (2598) Chess.com INT 2021}) 14. a3 $16 Rc8 15. b4 ({White should try} 15. Be3 $16) 15... Nc7 16. Bb2 Be8 (16... a5 $142) 17. Qb3 Na8 (17... Qxd4 $2 18. Nd5 $1 {[%mdl 512]} Qxd5 19. exd5 Ncxd5 20. Rad1 $18) (17... Bd7 $16) 18. Rad1 $18 {[%cal Od4e6] Threatens to win with Nxe6!} Qb6 19. e5 Ng4 20. h3 Nh6 21. Ne4 Nc7 22. Nd6 Bxd6 (22... Rd8 {was necessary.} 23. Nxb7 Rd7) 23. exd6 Nd5 24. Nxe6 fxe6 25. Bd4 {Active counter play! A strong pair of Bishops.} Qxd6 {[#] Strongly threatening ...Rf7.} 26. Rxe6 $3 {[%mdl 512]} Ba4 (26... Qxe6 $2 27. Bxd5 Qf7 28. Bc5 $18) 27. Rxd6 Bxb3 28. Bxd5+ Bxd5 29. Rxd5 b6 30. Rd7 Nf5 31. g4 ({Not} 31. Rxa7 Rcd8 32. a4 Nxd4 $17) (31. Be5 $18 {is more deadly.}) 31... Nxd4 $16 32. R1xd4 {[%mdl 4096] Endgame KRR-KRR} a5 33. Rb7 ({White should play} 33. Rd2 $16) 33... Rc2 $1 $11 34. Rdd7 Rfxf2 35. Rxg7+ Kf8 36. Rgd7 {[%cal Rd7d8]} Ke8 {Inhibits Rd8+.} 37. Re7+ Kd8 $2 {[%mdl 8192] [#]} (37... Kf8 $11) 38. Rbd7+ $1 $18 Kc8 {[#]} 39. Rc7+ $3 {[%mdl 512]} Kd8 40. Rxc2 Rxc2 41. Rxh7 {KR-KR} Ra2 42. bxa5 bxa5 43. Ra7 Rxa3 44. Kg2 a4 45. h4 {[%cal Bh3h4,Bh4h5,Bh5h6,Bh6h7][%mdl 32]} Ke8 46. h5 {White mates.} Ra2+ 47. Kg3 Ra1 48. h6 Rh1 49. h7 Kf8 50. g5 {[%cal Bg4g5,Bg5g6][%mdl 32]} a3 51. g6 {Weighted Error Value: White=0.14 (very precise) /Black=0.32} 1-0

[Event "Charity Cup MCCT Prel 2022"]
[Site "Online"]
[Date "2022.03.15"]
[Round "12.5"]
[White "Carlsen, Magnus"]
[Black "Jones, Gawain C B"]
[Result "1-0"]
[WhiteElo "2865"]
[BlackElo "2671"]
[Annotator "TA"]
[PlyCount "87"]
[EventDate "2022.03.18"]
[EventType "tourn"]
[EventCountry "NET"]
[SourceTitle "playchess.com"]
[Source "ChessBase"]
[SourceQuality "1"]

{[%evp 10,87,22,12,31,13,10,10,21,14,32,40,43,14,28,0,1,0,35,11,67,83,71,71,55,70,69,72,69,52,52,51,56,52,74,73,98,95,94,92,112,110,104,54,100,73,80,80,83,74,76,72,116,127,217,229,239,237,252,252,245,229,229,147,317,307,294,288,287,242,396,341,29970,29969,29977,29977,29985,5635,2095,1620]} 1. e4 e5 2. Nf3 Nc6 3. Bc4 Bc5 4. O-O Nf6 5. d3 d6 6. c3 a5 {Recently 6...h6 got a lot of attention. C54: Giuoco Piano: 4 c3 Nf6, main lines with 5 d4 and 5 d3.} 7. Re1 {[%cal Bf1e1,Be1e2,Be2e4][%mdl 32]} O-O 8. Nbd2 Ng4 {The position is equal.} 9. Re2 Kh8 10. h3 Nh6 11. Nf1 f5 $1 12. Bg5 Qd7 {[#]} 13. d4 $146 ({Predecessor:} 13. Bb5 Qf7 14. Bxc6 bxc6 15. d4 Bb6 16. dxe5 Ba6 17. Re1 fxe4 18. Rxe4 Qg6 19. Ng3 {1-0 (107) Kacharava,N (2416)-Petrosyan,M (2613) Sitges 2019}) 13... fxe4 14. Rxe4 d5 {[#]} 15. Nxe5 $1 $14 Nxe5 ({Less strong is} 15... Qf5 16. Bxd5 Qxg5 17. Bxc6 $16) 16. Rxe5 Bd6 17. Rxd5 c6 {[#]} 18. Rxd6 Qxd6 19. Ng3 Nf5 20. Nxf5 Bxf5 21. Bh4 b5 {[#]} 22. Bg3 $1 Qg6 (22... Qf6 23. Bf1) 23. Bf1 Be4 24. a4 Bc2 25. Qd2 Bxa4 26. c4 ({White should try} 26. Bd3 $16 Qf7 27. Be5) 26... Bb3 (26... Qc2 $14 27. Qxc2 Bxc2) 27. cxb5 cxb5 28. Bxb5 Qb6 29. Qd3 Bd5 30. Be5 Rf7 {[#]} (30... Rfc8 $142) 31. Rc1 $1 $16 Qb7 (31... Re7 $16 {keeps fighting.} 32. Qe2 Qb7) 32. f3 $18 Rc8 33. Rc5 Rxc5 34. dxc5 {[%cal Oc5c6] And now c6! would win.} Rf8 {[#]} 35. Qd4 $1 {[%cal Oc5c6] Black must now prevent c6!} Kg8 36. Bd3 Rf7 $2 {Black cannot hold the game after this.} (36... Re8 $16 37. Qh4 (37. Bxg7 Qxg7 38. Qxd5+ Kh8 $16) 37... h6) 37. Qh4 h6 38. Qd8+ Rf8 39. Bh7+ $40 {[%mdl 128] White goes for the king. This bishop pair is nice.} Kf7 $2 (39... Kxh7 {was worth a try.} 40. Qxf8 Qf7) 40. Qxa5 Bxf3 $2 (40... Rh8 $18) 41. gxf3 Ke6 {[#]} 42. Be4 $1 Qe7 (42... Qd7 43. Bd6) 43. Bd6 (43. f4 $142 Qd7 44. Qa6+ Ke7 45. Bd6+ Kf6 46. Bxf8+ Qe6 {[#]} 47. Bxg7+ $1 {[%mdl 512]} Ke7 48. Qa8) 43... Qg5+ 44. Kf2 {Weighted Error Value: White=0.11 (very precise) /Black=0.44} 1-0

[Event "Charity Cup MCCT Prel 2022"]
[Site "Online"]
[Date "2022.03.15"]
[Round "12.6"]
[White "Navara, David"]
[Black "Anton Guijarro, David"]
[Result "1/2-1/2"]
[WhiteElo "2700"]
[BlackElo "2691"]
[Annotator "TA"]
[PlyCount "160"]
[EventDate "2022.03.18"]
[EventType "tourn"]
[EventCountry "NET"]
[SourceTitle "playchess.com"]
[Source "ChessBase"]
[SourceQuality "1"]

{[%evp 17,160,0,0,-3,13,29,29,29,19,0,39,8,42,10,16,0,0,0,0,0,0,0,0,0,0,0,10,8,21,12,31,9,12,0,0,0,0,0,0,0,0,6,4,1,1,0,0,0,0,0,8,3,10,0,46,46,46,8,8,8,8,8,7,0,0,0,0,0,8,8,8,1,8,8,8,8,8,6,6,0,0,0,0,0,71,71,71,71,71,71,71,71,71,71,71,71,71,71,71,71,71,71,71,71,71,71,71,71,71,71,71,71,71,71,71,71,71,71,71,0,0,0,71,0,0,0,0,0,0,0,0,0,0,0,0,0,0,0,0,0,0,0,0,0,0]} 1. d4 d5 2. c4 e6 3. Nc3 c6 4. e3 Nd7 5. Qc2 Ngf6 6. Nf3 {[%cal Bg1f3,Bf3g5,Bg5e4][%mdl 32]} Bd6 7. Bd3 O-O 8. O-O dxc4 9. Bxc4 a6 10. Ng5 {D46: Semi-Slav: 5 e3 Nbd7 6 Bd3, Black avoids the Meran.} h6 11. Nge4 Be7 12. Rd1 {White has an edge.} Qc7 {[#]} 13. a4 $146 ({Predecessor:} 13. b3 b5 14. Be2 Bb7 15. Bb2 Rac8 16. Rac1 c5 17. dxc5 Nxc5 18. Nxc5 Qxc5 19. Qb1 {0-1 (40) Yilmaz,M (2630)-Bocharov,D (2528) Chess.com INT 2020}) 13... e5 14. a5 Kh8 15. b3 (15. Ng3 {seems wilder.} exd4 16. exd4 b5 17. Bb3 Bb7 18. Nf5) 15... exd4 16. exd4 Nxe4 ({Don't take} 16... Ng4 17. g3 $16) 17. Nxe4 Nf6 18. Nxf6 Bxf6 19. Ba3 Re8 20. h3 Be6 21. Bxe6 fxe6 22. Bc5 Qf7 23. Re1 Rad8 24. Re4 e5 {[%cal Re5d4]} 25. dxe5 Rxe5 26. Rxe5 Bxe5 27. Re1 Rd5 28. b4 Bd4 29. Bxd4 Rxd4 $11 {[%mdl 4096] Endgame KQR-KQR} 30. Qc5 Rd5 31. Qc4 Kh7 32. Qe4+ Qg6 33. g4 Rb5 34. Qc4 h5 35. Kg2 Rg5 (35... Qd6 $11 {is superior.}) 36. Re6 $14 Qf5 {[%cal Rh5g4]} 37. f4 Qd5+ 38. Qe4+ Qxe4+ $1 39. Rxe4 $11 {KR-KR} Rb5 40. f5 hxg4 41. hxg4 c5 42. bxc5 Rxc5 43. Re7 Kg8 44. Rxb7 Rxa5 45. Kg3 Rb5 46. Ra7 Rb6 (46... g6 $5) 47. g5 {Hoping for Kg4.} Kf8 48. g6 Rb1 49. Rxa6 Rf1 50. Kg4 Ke7 {[#]} (50... Rg1+ $11 51. Kf4 Rf1+ 52. Ke5 Re1+ 53. Kf4 Rf1+ 54. Ke5 Re1+ 55. Kf4 Rf1+) 51. Ra7+ $1 $16 Kf8 52. Rf7+ Kg8 53. Rb7 {[%cal Rb7b8]} Kf8 54. Kg5 Rg1+ 55. Kf4 Rf1+ 56. Ke5 {White is more active.} Re1+ 57. Kd6 {Rb8+ would kill now.} Rd1+ 58. Kc6 Rc1+ 59. Kd7 {Intending Rb8+ and mate.} Rd1+ 60. Kc8 Rd5 {[#]} 61. Rf7+ $1 Kg8 62. Kc7 Ra5 63. Kd6 Ra6+ 64. Ke5 Ra5+ 65. Kf4 Ra4+ 66. Kg5 Ra1 67. Rc7 {[%cal Rc7c8]} Kf8 68. Rc8+ (68. Kh4 $16) 68... Ke7 $11 69. Rc7+ (69. f6+ $11 gxf6+ 70. Kh6) 69... Kf8 $16 70. Rc8+ (70. Rd7 $16) 70... Ke7 $11 {The position is equal.} 71. Rg8 Rg1+ 72. Kf4 Rf1+ 73. Kg4 Rg1+ 74. Kh4 Rh1+ 75. Kg3 Kf6 76. Rf8+ Kg5 77. Rf7 Rf1 78. Rxg7 {Threatening mate with Rf7.} Rxf5 79. Rf7 Kxg6 80. Rxf5 Kxf5 {Weighted Error Value: White=0.04 (flawless) /Black=0.06 (flawless)} 1/2-1/2

[Event "Charity Cup MCCT Prel 2022"]
[Site "Online"]
[Date "2022.03.15"]
[Round "12.7"]
[White "Rapport, Richard"]
[Black "Van Foreest, Jorden"]
[Result "0-1"]
[WhiteElo "2762"]
[BlackElo "2702"]
[Annotator "TA"]
[PlyCount "146"]
[EventDate "2022.03.18"]
[EventType "tourn"]
[EventCountry "NET"]
[SourceTitle "playchess.com"]
[Source "ChessBase"]
[SourceQuality "1"]

{[%evp 10,146,0,-10,0,9,7,0,1,0,0,0,0,0,0,7,8,0,0,-33,-2,-31,0,0,-10,-25,-20,-15,0,0,18,0,3,-7,5,-13,-15,-12,0,0,0,0,43,21,47,55,70,58,58,0,0,0,0,0,0,-56,-16,-83,-87,-82,-80,-85,-85,-84,-86,-81,-74,-79,-80,-91,-58,-50,-57,-62,-56,-66,-32,-25,-31,-37,-27,-27,-27,-27,-26,-26,-8,-11,-8,-97,-14,-14,-15,-18,-15,-23,-32,-1000,-985,-993,-993,-985,-985,-978,-383,-383,-81,-950,-927,-902,-864,-29958,-29958,-29964,-29965,-29964,-29965,-29965,-29964,-29961,-29960,-29943,-6199,-29975,-29976,-29978,-29979,-29979,-29980,-29980,-29981,-29981,-29978,-29978,-29979,-29984,-29985,-29985,-29986]} 1. e4 e5 2. Nf3 Nc6 3. d3 Nf6 4. g3 d5 5. exd5 Nxd5 6. Bg2 Bd6 {6...g6 is the modern continuation. C44: Ponziani Opening and Scotch Gambit.} 7. O-O O-O 8. Re1 (8. a3 a5 9. Nc3 Nxc3 10. bxc3 h6 11. Rb1 Rb8 12. Nd2 Be6 13. Re1 Qc8 14. Nc4 Bg4 15. Qd2 {½-½ (43) Rapport,R (2763)-Van Foreest,J (2702) Warsaw 2021}) 8... Re8 {[#] The position is equal.} 9. a3 $146 ({Predecessor:} 9. Nc3 Nxc3 10. bxc3 Rb8 11. Rb1 h6 12. Nd2 Ne7 13. Nc4 Ng6 14. d4 Be6 15. Na5 exd4 16. Rxb7 {½-½ (25) Carlsen,M (2855)-So,W (2770) Paris 2016}) 9... a5 {Inhibits b4.} 10. Nc3 Nxc3 11. bxc3 Bf5 12. Ng5 Qd7 13. Rb1 Rab8 14. a4 Bg4 15. Qd2 h6 16. h3 $1 Bf5 17. g4 Bg6 18. Ne4 Be7 19. Qe3 Nd8 20. Rb5 Ne6 21. Qg3 f6 22. Rxa5 c6 {...Qc7 is the strong threat.} 23. Be3 $1 Ra8 (23... Qc7 $5 24. Ra7 Ra8 25. Rxa8 Rxa8 $15) 24. Rxa8 Rxa8 25. Ra1 Bd8 (25... Ra5 $11) 26. c4 Bc7 27. Qf3 Ra5 28. Rb1 {[%cal Oe3h6]} Bd8 {[%cal Bc7d8,Bd8e7,Be7c5][%mdl 32]} 29. c5 (29. h4 $14) 29... Be7 $11 30. Rb4 Nxc5 31. Nxc5 Bxc5 32. Rc4 (32. Bxc5 $11 Rxc5 33. Qd1) 32... Be7 33. Bb6 (33. Bd2 $1 $11 {remains equal.} Ra6 34. a5) 33... Ra6 $1 $17 34. a5 {[#]} Bd8 $1 35. Qe3 Bxb6 36. axb6 Bf7 37. Rb4 Ra1+ 38. Kh2 Qd6 {Prevents Qc5.} 39. c3 e4+ (39... Ra3 {is interesting.} 40. Be4 Bd5 41. Qc1 Ra2 42. Qe3 Kf7) 40. Qg3 Qxg3+ 41. Kxg3 exd3 $15 {[%mdl 4096] Endgame And now ...d2 would win. KRB-KRB} 42. Rd4 Rb1 {Black is more active.} (42... Rg1 $5 {[%cal Rf7d5]} 43. Kh2 Rb1 $17) 43. Rd8+ Kh7 44. f4 Rxb6 45. Be4+ Bg6 46. f5 {[%csl Ge4][%cal Rf5g6]} Bf7 47. Rxd3 Rb3 48. h4 Bc4 49. Re3 (49. Rd7 $11 {keeps the balance.}) 49... b5 (49... Ra3 $17) 50. Kf4 $11 ({Of course not} 50. Bxc6 b4 51. Kf4 bxc3 $17) 50... b4 51. cxb4 Rxb4 {White must now prevent ...Bd5.} 52. Kg3 c5 {aiming for ...Rb3.} 53. Bc6 $2 {[%mdl 8192] [#] Black keeps a firm grip on the game.} (53. Re1 $15) 53... Rb3 $1 $19 54. Rxb3 Bxb3 {KB-KB} 55. Kf4 Kg8 56. Ke4 Kf8 $2 (56... Bc4 57. Ke3 Kf7) 57. Bd5 Bd1 (57... Bc2+ $19 58. Kf4 Ke7) 58. Kf4 $2 {[%mdl 8192]} (58. Bc4 $17) 58... Be2 59. g5 Ke7 60. gxh6 gxh6 61. Bg8 Kd6 62. Ke4 Bd1 63. Bc4 Bc2+ 64. Kf4 Ba4 65. Bf7 Bb5 (65... Bc6 $142 66. Bc4 Bd5 67. Bb5 Ba2 68. Ke3 Bb1 69. Kd2 Bxf5 70. Kc3 Be6 71. Bf1 f5 72. Bb5 Ke5 73. Bf1 f4 74. Bg2 Bd5 75. Bh3 c4 76. Bg4 f3 77. Bxf3 Bxf3 78. Kxc4 Kf4 79. Kd4 h5 80. Kd3 Kg4 81. Ke3 Kg3 82. Kd3 Kxh4 83. Kd4 Kg3 84. Ke5 h4 85. Kf6 h3 86. Ke7 h2 87. Kd6 h1=Q 88. Ke5 Qh6 89. Kd4 Qc6 90. Ke5 Qb6 91. Kf5 Qd6 92. Kg5 Be4 93. Kh5 Qg6#) 66. Kg4 Ke5 {Black mates.} 67. Kh5 c4 68. Kxh6 c3 69. Bb3 Bd3 70. h5 c2 71. Bxc2 Bxc2 72. Kg7 Kxf5 73. h6 Kg5 {Weighted Error Value: White=0.45/Black=0.26 (precise)} 0-1

[Event "Charity Cup MCCT Prel 2022"]
[Site "Online"]
[Date "2022.03.15"]
[Round "12.8"]
[White "Lei, Tingjie"]
[Black "Praggnanandhaa R"]
[Result "0-1"]
[WhiteElo "2535"]
[BlackElo "2612"]
[Annotator "TA"]
[PlyCount "112"]
[EventDate "2022.03.18"]
[EventType "tourn"]
[EventCountry "NET"]
[SourceTitle "playchess.com"]
[Source "ChessBase"]
[SourceQuality "1"]

{[%evp 28,112,12,6,0,12,46,51,64,45,37,43,54,17,69,51,53,48,42,41,61,55,54,53,64,64,38,28,62,41,71,0,40,0,0,-30,0,-7,0,-6,-7,-7,-7,-7,-8,-8,-6,-8,0,0,0,-14,-14,-14,-8,-20,-22,-114,-122,-123,-108,-412,-411,-522,-521,-517,-497,-555,-522,-552,-522,-522,-522,-529,-527,-562,-546,-550,-541,-727,-679,-670,-670,-712,-641,-577,-477]} 1. e4 c5 2. c3 d5 3. exd5 Qxd5 4. d4 Nf6 5. Nf3 Nc6 6. Be2 e6 7. O-O cxd4 8. cxd4 Be7 9. Nc3 Qd6 10. Nb5 Qd8 11. Bf4 Nd5 12. Bg3 O-O 13. Rc1 a6 14. Nc3 Nxc3 15. bxc3 b5 {B22: Sicilian: 2 c3.} 16. a4 bxa4 17. Qxa4 Bd7 {[#] White is slightly better.} 18. Rb1 $146 ({Predecessor:} 18. Qc2 a5 19. Ra1 Qb6 20. Rfb1 Qa7 21. Bb5 Rfc8 22. Qe4 Bf6 23. h4 g6 24. Qf4 {0-1 (52) Karpatchev,A (2461)-Bouvier,B (2250) Rochefort 2005}) 18... e5 19. dxe5 Nxe5 20. Qe4 Ng4 (20... Ng6 $1 $11) 21. Rfd1 Nf6 22. Qb7 {And now Ne5 would win.} Qe8 23. Nd4 {To avoid Bc6} ({Don't play} 23. Bxa6 Bc6 24. Qb6 Bd8 25. Rxd8 Rxd8 $17) 23... Bc5 {White must now prevent ...Bxd4.} 24. Bf3 ({Avoid the trap} 24. Bxa6 $2 Ra7 25. Qxa7 Bxa7 $19) 24... Ra7 25. Qb2 Bg4 26. Bxg4 Nxg4 27. c4 (27. Nb3 {looks sharper.} Rb7 28. Qa2 Ba7 29. Qxa6 Qc8 30. c4) 27... Nf6 28. Nb3 $1 Be7 {[#]} 29. Qe5 (29. c5 $1 $16) 29... Rd7 30. Rxd7 (30. c5 $5 {[%cal Rh2h3]}) 30... Qxd7 31. h3 {[#]} Qd3 $1 32. Rc1 {[%cal Bb1c1,Bc1c3,Bc3d3,Bd3d6][%mdl 32]} (32. Nd2 Qxd2) 32... Ba3 33. Qc3 Qxc3 34. Rxc3 Ne4 35. Rd3 Nxg3 36. fxg3 $11 {[%mdl 4096] Endgame KRB-KRN} g6 37. c5 Rc8 38. Kf1 Kg7 (38... Bxc5 $2 39. Rc3 $18) 39. Rd6 a5 {[%cal Ba6a5,Ba5a4,Ba4a3][%mdl 32] ...Ra8 is the strong threat.} 40. Ra6 {To avoid Ra8} Rb8 41. Rb6 Ra8 42. c6 (42. Rb5 $1 $11 {remains equal.}) 42... a4 $17 43. Na1 Bd6 {Hoping for ...a3.} 44. g4 $2 {[%mdl 8192] This costs White the game.} (44. Ke2 $17) 44... a3 $19 45. Rb5 Ra6 {Black is clearly winning.} 46. Ke2 Rxc6 {Strongly threatening ...Rc1.} 47. Ra5 Rc1 48. Nb3 Rb1 49. Nd4 Rb2+ 50. Kd3 Rxg2 51. Ke4 Rg3 52. Ra7 Rxh3 53. Ne6+ Kf6 54. Nd8 {[%cal Og4g5] [#]} Re3+ $3 {[%mdl 512]} 55. Kd5 (55. Kd4 Bf4) 55... Be7 56. Nc6 h6 {Weighted Error Value: White=0.32/Black=0.11 (very precise)} 0-1